| 000 | 00916nam a2200277 a 4500 | ||
|---|---|---|---|
| 001 | 57811 | ||
| 003 | BD-RjUL | ||
| 005 | 20211209080544.0 | ||
| 008 | 161212s2005 enk b 001 0 eng | ||
| 020 | _a1403911215 (hbk.) | ||
| 020 | _a1403911223 (pbk.) | ||
| 020 | _a9781403911216 (hbk.) | ||
| 020 | _a9781403911223 (pbk.) | ||
| 035 | _a(BD-RJUL)57935 | ||
| 040 |
_aDLC _cDLC _dBD-RJUL _beng |
||
| 041 | _aeng | ||
| 082 | 0 | 0 |
_223 _a813.0904 _bWHF 2005 |
| 100 | 1 |
_aWhelehan, Imelda, _d1960- _9171683 |
|
| 245 | 1 | 4 |
_aThe feminist bestseller : _bfrom Sex and the single girl to Sex and the city / _cImelda Whelehan. |
| 260 |
_aEngland : _bPalgrave Macmillan, _cc2005. |
||
| 300 |
_aviii, 236 p. ; _c23 cm. |
||
| 504 | _aIncludes bibliographical references (p. 222-231) and index. | ||
| 650 | 0 |
_aAmerican fiction _y20th century _xHistory and criticism. _9171684 |
|
| 942 |
_2ddc _cBK |
||
| 999 |
_c57811 _d57811 |
||